ბათუმის შოთა რუსთაველის სახელმწიფო უნივერსიტეტის ბიბლიოთეკა

ჩანაწერი Personal Name

ჩანაწერთა რაოდენობა, რომელიც გამოყენებულია: 1

001 - CONTROL NUMBER

  • control field: 10820

003 - CONTROL NUMBER IDENTIFIER

  • control field: GE_BSU

005 - DATE AND TIME OF LATEST TRANSACTION

  • control field: 20210329173341.0

008 - FIXED-LENGTH DATA ELEMENTS

  • fixed length control field: 210329|| aca||aabn | a|a d

040 ## - CATALOGING SOURCE

  • Original cataloging agency: GE_BSU
  • Transcribing agency: GE_BSU

100 ## - HEADING--PERSONAL NAME

  • Personal name: ჯაყელი, ჯულიეტა

670 ## - SOURCE DATA FOUND

  • Source citation: Work cat.: (GE_BSU)55439: ჯაყელი, ჯულიეტა, ბათუმის ბოტანიკურ ბაღში მსოფლიო ფლორის IUCN "წითელი ნუსხით" დაცული სახეობების ბიოეკოლოგიური თავისებურებები და ex-siti კონსერვაცია /